Radical Political Streams in Israel, Their Roots and Possible Impact on the Israeli Society
Cieľom tohto príspevku je poskytnúť jasný prehľad o otázkach súvisiacich s vývojom vnútornej politiky Izraela. Jadrom textu je predstavenie minulých a súčasných krajne pravicových hnutí a strán, ktoré nadobudli v posledných rokoch obrovský význam. Použili sme vedecké metódy ako výskum a analýzu a po...
Salvato in:
| Autore principale: | |
|---|---|
| Natura: | Capitolo di libro |
| Lingua: | inglese |
| Soggetti: | |
| Tags: |
Nessun Tag, puoi essere il primo ad aggiungerne!!
|
MARC
| LEADER | 00000naa$a2200000$$$4500 | ||
|---|---|---|---|
| 001 | 0298580 | ||
| 005 | 20240502074527.6 | ||
| 041 | 0 | |a eng | |
| 044 | |a SK | ||
| 245 | 1 | 0 | |a Radical Political Streams in Israel, Their Roots and Possible Impact on the Israeli Society |c Boris Dziura |
| 520 | |a Cieľom tohto príspevku je poskytnúť jasný prehľad o otázkach súvisiacich s vývojom vnútornej politiky Izraela. Jadrom textu je predstavenie minulých a súčasných krajne pravicových hnutí a strán, ktoré nadobudli v posledných rokoch obrovský význam. Použili sme vedecké metódy ako výskum a analýzu a porovnávanie. Predikcia budúceho vývoja nie je stanovená, pretože medzinárodná situácia po teroristických útokoch Hamasu na Izrael zo 7. októbra 2023 znemožňuje hodnotiť budúci spôsob politického, ekonomického a všeobecne akéhokoľvek spolužitia a spolužitia židovského a židovského národa. Arabskí spoluobčania a neobčania, či už v samotnom Izraeli, ako aj v Judei a Samárii1 (autor preferuje biblické názvy týchto oblastí) alebo v pásme Gazy. | ||
| 610 | 2 | 0 | |a politika vnútorná |
| 610 | 2 | 0 | |a radikalizmus |
| 610 | 2 | 0 | |a spoločnosť |
| 610 | 2 | 0 | |a Izrael |
| 100 | 1 | |a Dziura, Boris, 1976- | |